| 000 | 00864cam a2200253 a 4500 | ||
|---|---|---|---|
| 001 | 1598230 | ||
| 003 | NUST - PNEC | ||
| 005 | 20170116181137.0 | ||
| 008 | 940824s1995 enka b 001 0 eng | ||
| 010 | _a 94034934 | ||
| 020 | _a056607544X | ||
| 040 |
_aDLC _cLIBRARY _dDLC |
||
| 050 | 0 | 0 |
_aGV1203 _b.C586 1995 |
| 082 | 0 | 0 | _a790.1 CON |
| 100 | 1 | _aConsalvo, Carmine M. | |
| 245 | 1 | 0 |
_aOutdoor games for trainers / _cCarmine M. Consalvo. |
| 260 |
_aAldershot, Hampshire, England ; _aBrookfield, Vt. : _bGower, _cc1995. |
||
| 300 |
_axii, 188 p. : _bill. ; _c26 cm. |
||
| 504 | _aIncludes bibliographical references (p. 181) and index. | ||
| 650 | 0 |
_aOutdoor games. _xGeneral |
|
| 906 |
_a7 _bcbc _corignew _d1 _eocip _f19 _gy-gencatlg |
||
| 942 |
_2ddc _cBK |
||
| 999 |
_c70275 _d70275 |
||